| 000 -LEADER |
| fixed length control field |
00452cam a22001097a 4500 |
| 008 - FIXED-LENGTH DATA ELEMENTS--GENERAL INFORMATION |
| fixed length control field |
180718b1970 xxu||||| |||| 00| 0 eng d |
| 082 ## - DEWEY DECIMAL CLASSIFICATION NUMBER |
| Classification number |
K232x42 Un3u |
| 245 ## - TITLE STATEMENT |
| Title |
Standing reference on the pay of university teachers in Great Britain : second Report |
| Statement of responsibility, etc. |
by National Board For Prices and Incomes, United Kingdom |
| 260 ## - PUBLICATION, DISTRIBUTION, ETC. |
| Place of publication, distribution, etc. |
London |
| Name of publisher, distributor, etc. |
Her Majesty's Stationery Office |
| Date of publication, distribution, etc. |
1970 |
| 300 ## - PHYSICAL DESCRIPTION |
| Extent |
47+p. |
| 700 ## - ADDED ENTRY--PERSONAL NAME |
| Personal name |
United Kingdom. National Board For Prices and Incomes |